| 000 | 004240000a22001090004500 | ||
|---|---|---|---|
| 090 |
_aAS _bSeriadas |
||
| 245 | 1 | 0 | _aOcnaceas de las sierras de Chiribiquete y de La Macarena (<Colombia>) consideraciones taxonómicas y fitogeográficas |
| 041 | 0 | _aEspañol | |
| 100 | 1 |
_aSastre, Claude _999193 |
|
| 942 | _cARTICULO | ||
| 773 | 1 |
_tRevista de la Academia Colombiana de Ciencias Exactas, Fisicas y Naturales _332 _h74 _q499-508 _d1995 _g19 |
|
| 999 |
_c14305 _d14305 |
||